000
00329nam a22001457a 4500
008
221109b ||||| |||| 00| 0 eng d
020
_a
7748147
041
_a
eng
080
_2
8TH EDITION
_a
610.73
082
_a
610.73 SOM
100
_a
8
101
_a
INF
245
_a
FUNDAMENTALS FOR NURSING
_c
SOMMER SH
942
_2
udc
_c
BK
999
_c
58810
_d
58810